Planning and economic policy in India.

Bibliographic Details
Main Author: Gadgil, D. R. (Dhananjaya Ramchandra), 1901-1971
Format: Book
Language:English
Published: Poona : New York : Gokhale Institute of Politics and Economics; Asia Pub. House, [1961]
Series:Gokhale Institute studies, no. 39.
Subjects:

MARC

Tag First Indicator Second Indicator Subfields
LEADER 00000cam a2200000 4500
001 in00000064243
005 20151008051752.0
008 761022s1961 ii b 00000 eng
010 |a  61004882  
035 |a (OCoLC)02522201 
035 |9 AAG9871AM 
040 |a DLC  |c OHI  |d TXA  |d UtOrBLW 
049 |a TXAM  |c [337820] 
050 0 0 |a HC435  |b .G255 
082 0 |a 338.954 
092 |a 338.954  |b G124p 
100 1 |a Gadgil, D. R.  |q (Dhananjaya Ramchandra),  |d 1901-1971. 
245 1 0 |a Planning and economic policy in India. 
264 1 |a Poona :  |b Gokhale Institute of Politics and Economics;  |a New York :  |b Asia Pub. House,  |c [1961] 
300 |a xvii, 199 pages ;  |c 25 cm. 
336 |a text  |b txt  |2 rdacontent 
337 |a unmediated  |b n  |2 rdamedia 
338 |a volume  |b nc  |2 rdacarrier 
490 1 |a Gokhale Institute studies, no. 39 
504 |a Bibliographical footnotes. 
651 0 |a India  |x Economic policy. 
651 0 |a India  |x Social policy. 
830 0 |a Gokhale Institute studies, no. 39. 
999 |a MARS 
999 f f |s d3fc7456-7037-3fe5-9244-9500abeb2ebc  |i 6f7d8908-5a19-3a5e-88c9-8f9994bc3f3e  |t 0 
952 f f |p ric  |a Texas A&M University  |b Rellis Campus  |c Joint Library Facility  |d Remote Storage  |t 0  |e HC435 .G255  |h Library of Congress classification  |i unmediated -- volume  |m A14800775084 
998 f f |a HC435 .G255  |t 0  |l Remote Storage